| 000 | 00792cam a22002531 4500 | ||
|---|---|---|---|
| 001 | 7765453 | ||
| 005 | 20250508142508.0 | ||
| 008 | 790209s1909 xx 000 0 eng | ||
| 010 | _a 13010581 | ||
| 035 | _a(OCoLC)4634466 | ||
| 040 |
_aDLC _cOCl _dDLC |
||
| 042 | _apremarc | ||
| 100 | 1 |
_aBüchler, Adolf, _d1867-1939. |
|
| 245 | 0 | 4 |
_aThe political and the social leaders of the Jewish community of Sepphoris in the second and third centuries / _cby A. Büchler. |
| 260 |
_aOxford : _bPrinted by H. Hart at the University press, _cc[1909?] |
||
| 300 |
_a92 p. _c23 cm. |
||
| 336 | _atext | ||
| 337 | _aunmediated | ||
| 338 | _avolume | ||
| 490 | 0 |
_aJews' college, London ... Publication _vno. 1 |
|
| 650 | 0 |
_aJews _xHistory _yA.D. 70- |
|
| 651 | 0 | _aSefuriyeh. | |
| 942 |
_2lcc _cBK |
||
| 999 |
_c53724 _d53724 |
||